Music Quiz

Random Music or Artist Quiz
Score 0/100 Timer 15:00
2 Plays Today
# Song % Correct
1Believe
73.9%
10Livin' La Vida Loca
63.6%
7Genie in a Bottle
63.1%
2No Scrubs
59.3%
94Iris
57.5%
6Kiss Me
53.5%
17All Star
52.2%
5...Baby One More Time
50.9%
19Smooth
50.9%
42Mambo No. 5 (A Little Bit Of...)
46.6%
15I Want It That Way
40.4%
22Save Tonight
37.4%
18Angel
36.5%
8Every Morning
34.6%
77Man! I Feel Like a Woman!
33.6%
13Slide
30.4%
21Bills, Bills, Bills
30.3%
33Wild Wild West
27.4%
32That Don't Impress Me Much
26.6%
59You
26.4%
38Summer Girls
25.5%
53Miami
24.9%
41Doo Wop (That Thing)
24.7%
40Jumper
23.5%
78Steal My Sunshine
23%
20Unpretty
22.8%
29Fly Away
21.9%
51She's So High
20.6%
61If You (Lovin' Me)
19.9%
85Amazed
19.9%
34Scar Tissue
19.6%
28What It's Like
19.4%
26Bailamos
18.8%
86Sometimes
18.6%
# Song % Correct
23Last Kiss
17.7%
3Angel of Mine
17.3%
35Heartbreaker
17.2%
12If You Had My Love
17%
46Lullaby
16.8%
64Black Balloon
14.8%
30Someday
14%
82Back at One
13.9%
68I Do (Cherish You)
13.1%
54Hands
12.6%
4Heartbreak Hotel
12.1%
99When You Believe
12.1%
44It's Not Right But It's Okay
12%
11Where My Girls At?
11.2%
39Can I Get A...
11%
70I Will Remember You
10.9%
45(God Must Have Spent) A Little More Time on You
10.9%
89Hard Knock Life (Ghetto Anthem)
10.9%
100(God Must Have Spent) A Little More Time on You
10.7%
79I Need to Know
10.4%
37The Hardest Thing
9.4%
75Back That Thang Up
9.1%
16I'm Your Angel
8.8%
9Nobody's Supposed to Be Here
8.7%
73My Love Is Your Love
8.7%
97Music of My Heart
8.6%
14Have You Ever
8.4%
88Out of My Head
7.6%
63Give It to You
7%
96Better Days (And the Bottom Drops Out)
6.8%
91Take Me There
6.7%
57From This Moment On
6.7%
69Because of You
6.5%
50808
6.5%
# Song % Correct
62Ex-Factor
5.9%
25All I Have to Give
5.6%
27What's It Gonna Be?
5.6%
31Lately
5.4%
52Bella (She's All I Ever Had)
5.2%
43Sweet Lady
4.9%
36I Still Believe
4.8%
48Tell Me It's Real
4.6%
49Back 2 Good
4.6%
92Stay the Same
4.6%
76Almost Doesn't Count
4.3%
71Chante's Got a Man
4.3%
58Love Like This
4.2%
47Anywhere
3.9%
24Fortunate
3.9%
55Who Dat
3.8%
67I Don't Want to Miss a Thing
3.6%
56Please Remember Me
3.6%
95Satisfy You
3.5%
80So Anxious
3.3%
74All Night Long
3.1%
90Jamboree
3.1%
65Spend My Life With You
3%
60Trippin'
3%
87Ghetto Cowboy
2.9%
98Write This Down
2.8%
84How Forever Feels
2.8%
72Happily Ever After
2.7%
66These Are the Times
2.7%
83When a Woman's Fed Up
2.7%
93Lesson In Leavin'
2.7%
81Faded Pictures
2.6%
Remove Ads.
Support Sporcle.
Get the best of Sporcle when you Go Orange. This ad-free experience offers more features, more stats, and more fun while also helping to support Sporcle. Thank you for becoming a member.

You're not logged in!

Compare scores with friends on all Sporcle quizzes.
OR
Log In

Show Comments

Extras

Top Quizzes Today


Score Distribution

Your Account Isn't Verified!

In order to create a playlist on Sporcle, you need to verify the email address you used during registration. Go to your Sporcle Settings to finish the process.

Report this User

Report this user for behavior that violates our Community Guidelines.

Details: